Presidentes de Argentina por imágenes - Estadísticas

Estadísticas generales
  • Esta prueba ha sido intentada 189 veces
  • La puntuación promedio es 27 de 54
Estadísticas de respuestas
Imagen Hint Respuesta % Correcto
PRO - Cambiemos Mauricio Macri
88%
Partido Justicialista Carlos Saúl Menem
85%
De Facto Jorge Rafael Videla
85%
Partido Laborista - Partido Peronista Juan Domingo Perón
85%
Unión Cívica Radical Raul Ricardo Alfonsín
85%
Partido Justicialista Alberto Fernández
83%
Partido Libertario - LLA Javier Milei
83%
Partido Justicialista Néstor Carlos Kirchner
82%
Partido Justicialista Cristina Fernández de Kirchner
80%
Partido Justicialista Eduardo Alberto Duhalde
80%
Unión Cívica Radical Fernando de la Rúa
80%
Independiente Domingo Faustino Sarmiento
78%
Partido Justicialista María Estela Martínez de Perón
76%
Partido Autonomista Nacional Julio Argentino Roca
75%
Unión Civica Radical Intransigente Arturo Frondizi
72%
Unión Civica Radical del Pueblo Arturo Umberto Illia
69%
Partido Nacionalista Bartolomé Mitre
66%
Unión Cívica Radical Hipólito Yrigoyen
64%
Partido Justicialista Héctor José Cámpora
60%
Partido Justicialista Adolfo Rodríguez Saá
59%
De Facto Leopoldo Fortunato Galtieri
59%
De Facto José Félix Uriburu
58%
Partido Federal Justo José de Urquiza
57%
Partido Justicialista Federico Ramón Puerta
50%
Partido Autonomista Nacional Nicolás Avellaneda
48%
Partido Federal Santiago Derqui
44%
De Facto Alejandro Agustín Lanusse
43%
De Facto Edelmiro Julián Farrell
41%
De Facto Roberto Eduardo Viola
41%
Partido Autonomista Nacional Roque Sáenz Peña
40%
De Facto Juan Carlos Onganía
39%
De Facto Pedro Eugenio Aramburu
38%
De Facto Pedro Pablo Ramírez
38%
Partido Justicialista Eduardo Camaño
37%
Partido Autonomista Nacional Miguel Ángel Juárez Celman
37%
Unión Civica Radical Intransigente José María Guido
36%
Partido Autonomista Nacional Carlos Pellegrini
34%
De Facto Reynaldo Bignone
34%
Partido Autonomista Nacional Luis Sáenz Peña
31%
Partido Justicialista Raúl Alberto Lastiri
31%
Partido Autonomista Nacional José Figueroa Alcorta
29%
Partido Autonomista Nacional Victorino de la Plaza
29%
Unión Cívica Radical Agustín Pedro Justo
28%
Partido Demócrata Nacional Ramón S. Castillo
28%
De Facto Roberto Marcelo Levingston
28%
Unión Cívica Radical Antipersonalista Roberto Marcelino Ortiz
26%
Partido Autonomista Nacional Manuel Quintana
25%
De Facto Eduardo Lonardi
24%
Partido Autonomista Nacional José Evaristo de Uriburu
24%
Partido Federal Juan Esteban Pedernera
24%
De Facto Arturo Rawson
23%
De Facto Carlos Alberto Lacoste
19%
De Facto Alfredo Oscar Saint-Jean
18%
De Facto José Domingo Molina Gómez
15%
No se encontraron pruebas coincidentes
Distribución de puntuación
Porcentaje de gente con cada puntuación
Porcentaje por número respondido
Historial de tus puntuaciones
No has intentado esta prueba.